1343 1690 1514 1474 1134 1389 1703 1107 1955 1955 1692 1482 1243 1131 1268 1053 1669 1284 1133 1557 1783 1433 1586 1822 1663 1481 1855 1869 1374 1651 1184 1254 1447 1036 1297 1849 1540 1565 1822 1667 1162 1840 1111 1116 1709 1128 1470 1747 1922 1497 1376 1298 1627 1042 1248 1934 1859 1429 1481 1455 1312 1082 1967 1700 1612 1106 1544 1904 1266 1620 1656 1927 1326 1484 1901 1998 1523 1997 1910 1377 1894 1509 1887 1609 1359 1668 1783 1529 1949 1917 1952 1062 1994 1964 1756 1423 1823 1087 1345 BCNSPRNW ULIB Ver.6.0+V

เปลี่ยนเป็นภาษาไทย

Change to English
 แสดงรายละเอียดบรรณานุกรม
  กลับหน้าหลัก

Brief Record : Get Marc (ISO 2709) : E-mail record : QR code < ปิดหน้าต่าง
LEADER : 00000nam 2200000uu 4500
001    13399125531
003     ULIB
008    170622s||||||||th 000 0 tha d
020    ^a9786161810542
040    ^absi
060 04 ^aQV766^bข261
100 0  ^aขวัญชนก รอดสุด
245 10 ^aประโยชน์มหัศจรรย์ :^bว่านหางจระเข้ /^cขวัญชนก รอดสุด, เรียบเรียง ;พีรพันธุ์ วิจิตรไกรวิน, ถ่ายภาพ
250    ^aพิมพ์ครั้งที่ 1
260    ^aกรุงเทพฯ :^bอมรินทร์สุขภาพ,^c2559
300    ^a72 หน้า :^bภาพประกอบ ;^c21 ซม.
490 1  ^aชุดชีวิตและสุขภาพ ;^vลำดับที่ 196
650  4 ^aว่านหางจระเข้
650  4 ^aสมุนไพร
830  0 ^aการดูแลสุขภาพด้วยว่านหางจระเข้ ;^vลำดับที่ 196.
945    ^p89^l0^i25210
945    ^p89^l0^i25211
995    ^aกัณชพร
999    ^aกัณชพร
รายการนี้ยังไม่มีแท็ก
คุณยังไม่ได้ล็อกอิน คุณสามารถมีกิจกรรมร่วมกับเว็บไซต์ได้ แต่ต้องล็อกอินก่อน ::
  ล็อกอิน

รายการสื่อสารสนเทศ

ลำดับที่ ประเภท เลขเรียก/บาร์โค้ด สถานที่ สถานะ
1. หนังสือสำรอง
หนังสือสำรอง
สถานะ=หนังสือเก่า
QV766 ข261 ฉ.1 
  Barcode: 25210
ห้องสมุดวิทยาเขตนครสวรรค์
►ส่วนจัดเก็บหนังสือเก่า นว.
บนชั้น
  ขอยืม
2. วิทยาศาสตร์การแพทย์ และสุขภาพ
วิทยาศาสตร์การแพทย์ และสุขภาพ
สถานะ=หนังสือเก่า
QV766 ข261 ฉ.2 
  Barcode: 25211
ห้องสมุดวิทยาเขตนครสวรรค์
►ส่วนจัดเก็บหนังสือเก่า นว.
บนชั้น
  ขอยืม

รายการใกล้เคียง
    หัวเรื่อง [ว่านหางจระเข้]
    หัวเรื่อง [สมุนไพร]

BibComment


ยังไม่เคยถูกคอมเมนท์

คอมเมนท์ทรัพยากรรายการนี้
  คอมเมนท์: ประโยชน์มหัศจรรย..


 Copyright 2026. Bcnsprnw @Library